000 01024nam a2200277 a 4500
001 BRCA_1806
005 20190320203546.0
008 930707s1993 sp-a---##b---#001-0#spa-#
020 _a8488045441
041 _aspa
_hita
050 4 _aNA1313.G3
_b.L34 1993
100 1 _aLahuerta, Juan José
_d1945-
_95620
245 1 0 _aAntoni Gaudí, 1852-1926
_barquitectura, ideología y política
_cJuan José Lahuerta ; traducción de los textos en catalán y francés Raimon Cuxart i Guardia.
260 _aMadrid
_bElecta
_c1993
300 _a346 p.
_bil. (algunas a color)
_c29 cm.
500 _aTítulo del lomo : Antoni Gaudí
500 _aIncluye índice analítico
500 _aColección Sonia Corcuera de Mancera
504 _aBibliografía: p. 337-340
600 1 4 _aGaudí, Antoni
_d1852-1926
_xCrítica e interpretación
_95621
650 1 4 _aEclecticismo en arquitectura
_zEspaña
_95622
700 1 _aGaudí, Antoni
_d1852-1926
_95623
700 1 _aCuxart i Guardia, Raimon
_95624
902 _aDSC
942 _2lcc
_cB
999 _c1587
_d1587